00827cam a2200241 a 450000100100000000500170001000800410002701000130006802000150008104000230009608200180011910000370013724500480017426000460022230000210026849000290028965000280031865000310034683000380037791000340041595201210044999900150057000000794420200929154348.0920713s1992 sp 000 f spa  a92184885 a847954046X aDO-SdBNPcDLCdDLC a863.64bG166e1 aGallego, Gregorio,d1916-92174710aEncrucijada de caminos /cGregorio Gallego. aMadrid :bLibertarias ;bProdhufi,c1992. a248 p. ;c21 cm.1 aTres de cuatro solesv19 4aNovela española91123 4aLiteratura española9632 0aTres de cuatro soles ;v19921748 aCatalogación por copia / LC 001052708MOaGRbGRcCTd2009-09-11iLF1l0o863.64 G166ep7944-10r2020-06-25w2020-06-25y2ZPréstamo interno c7722d7722